Statistics for Guess the Country #2

Click here to take the quiz!

General Stats

  • This quiz has been taken 217 times
  • The average score is 9 of 15

Answer Stats

HintCountry% Correct
I am the country with the most Spanish speakersMexico
92%
I am the largest country in AfricaAlgeria
85%
I am the most populous African countryNigeria
84%
I was attached to Ethiopia until 1993Eritrea
73%
I am the most southern mainland countryChile
70%
I am the poorest country in North AmericaHaiti
69%
My capital is San JoseCosta Rica
67%
I am the poorest country in EuropeMoldova
67%
I am the smallest country with at least one billionaireMonaco
58%
We are the only countries that were independent in Africa in 1914Ethiopia
53%
I am the only Portuguese-speaking Asian countryEast Timor
50%
Liberia
42%
I have the lowest life expectancy at 49.81 yearsChad
33%
I am the least visited country by international touristsNauru
31%
I am the country with the most rivers at 700Bangladesh
21%

Score Distribution

Percentile by Number Answered

Percent of People with Each Score

Your Score History

You have not taken this quiz